banner-ar

VORATELLUNGSREALIT ATEN / (Record no. 12338)

MARC details
000 -الفاتح
حقل البيانات ثابتة الطول 00399nam a2200169Ia 4500
040 ## - مصدر الفهرسة
وكالة الفهرسة الأصلية GCL /
وكالة النسخ GCL
082 04 - رقم تصنيف ديوى العشرى
رقم التصنيف 704
رقم المادة B V
100 1# - المدخل الرئيسى - إسم شخصى
الإسم الشخصى BERT,LORE
245 10 - بيان العنوان
العنوان VORATELLUNGSREALIT ATEN /
بيان المسئوليه,etc BERT,LORE
700 1# - المدخل الاضافى - اسم شخصى
الإسم الشخصى BUREN,DAVIEL
260 ## - PUBLICATION, DISTRIBUTION, ETC. (IMPRINT)
تاريخ النشر أو التوزيع 1995
300 ## - الوصف المادى
التعداد 79P
650 04 - المدخل الاضافى بالموضوع-مصطلح موضوعى
مصطلح موضوعي DECORTIVE ARTS FINE ARTS
650 04 - المدخل الاضافى بالموضوع-مصطلح موضوعى
مصطلح موضوعي ARTS
942 ## - عناصر المدخل الإضافي( كوها)
مصدر التصنيف او مخطط الترفيف Dewey Decimal Classification
Koha [default] item type كتاب
260 ## - PUBLICATION, DISTRIBUTION, ETC. (IMPRINT)
-- [S.N] :
-- GALERIE DARATHEA AN DER ،
Holdings
حالة التراجع حالة الفقد حالة تلف ليس للاعارة المكان المؤقت الموقع الحالى تاريخ الاكتساب اجمالي اﻻعارات رقم الطلب الباركود تاريخ اخر مشاهدة تاريخ تفعيل السعر نوع وعاء كوها
        مكتبة القاهرة الكبرى مكتبة القاهرة الكبرى 03/26/2014   704\ B V 24042 03/26/2014 03/26/2014 كتاب

Powered By

EGPV